00790nam a2200229Ia 4500003000400000005001700004008004100021040001800062041000800080082002500088100003100113245007100144250001200215260003900227300002500266650003800291650003400329650003100363942003400394999001900428952011300447OSt20260122111239.0210716s9999 xx 000 0 und d cAIMIT LIBRARY aeng a006.620288 21bLORK aLord, Kenniston W.9252190 aLearning to use the IBM personal computer /cBy Kenniston W Lord . a1st ed. aNew Delhi :bGalgotia Booksource , a188p. ;bPBc23.3 cm aThe IBM personal computer9252191 aSetting up the system9252192 aWorking with basic9252193 2ddccBKe1stk006.620288 LORK c180977d180977 001040708MCAaAIMITbAIMITd2021-07-16l0o006.620288 LORKpMCA00485r2025-07-21 00:00:00w2021-07-16yBK